| 000 | 00649cam a22002413a 4500 | ||
|---|---|---|---|
| 001 | 44329 | ||
| 003 | PGUSA | ||
| 005 | 20140828084019.0 | ||
| 008 | 131201s2013||||xxu|||||s|||||000 | eng d | ||
| 040 |
_aPGUSA _beng |
||
| 042 | _adc | ||
| 050 | 4 | _aND | |
| 100 | 1 |
_aRuskin, John, _d1819-1900 |
|
| 245 | 1 | 0 |
_aModern Painters, Volume 5 (of 5) _h[electronic resource] / _cJohn Ruskin |
| 260 |
_bProject Gutenberg, _c2013 |
||
| 506 | _aPublic domain in the USA. | ||
| 516 | _aElectronic text | ||
| 653 | _aAesthetics | ||
| 653 | _aPainting | ||
| 830 | 0 |
_aProject Gutenberg _v44329 |
|
| 856 | 4 | 0 | _uhttp://www.gutenberg.org/ebooks/44329 |
| 942 | _cEB | ||
| 999 |
_c273580 _d273580 |
||